000 00278nam a22001337a 4500
003 SGT
020 _a9781032266473
082 _a741.3
_bHOO
100 _aHOOKS ED
245 _aACTING FOR ANIMATORS
260 _aUK
_bROUTLEDGE PUB
_c2023
300 _a229
942 _2ddc
_cBK
999 _c34683
_d34683